| 000 | 00545nam a2200229Ia 4500 | ||
|---|---|---|---|
| 003 | OSt | ||
| 005 | 20221007102011.0 | ||
| 006 | a|||||r|||| 00| 0 | ||
| 007 | ta | ||
| 008 | 221006b |||||||| |||| 00| 0 eng d | ||
| 024 | _a9,156 | ||
| 037 | _cTextual | ||
| 040 |
_aLCO _cLCO _beng |
||
| 041 |
_2eng _aeng |
||
| 082 | _aP111:4k, P0 | ||
| 245 | 0 | _aCHAMBERS DICTIONARY | |
| 260 |
_aNew _bDelhi Allied _c2000 |
||
| 300 | _a1984 | ||
| 650 | _aDICTIONARY | ||
| 942 |
_hP111:4k, P0 _cTEXL |
||
| 999 |
_c1178719 _d1178719 |
||